Quizzes
Events
Quiz Creation
Community
Videos
Private Events
Remove Ads
Sign In
Join for FREE
Feedback
Dark Mode
Quiz Categories
Sports
Geography
Music
Movies
Television
Just For Fun
Miscellaneous
History
Literature
Language
Science
Gaming
Entertainment
Religion
Holiday
For Kids
Quiz Lab
Recent
Popular Today
Quiz Kudos Today
Editor Picks
Curator Picks
Quizzes by...
Day
Popularity
Type
Ratings
Length
Year
Community
Subscriptions
Recent Discussions
Orange Saloon
Badges
Playlists
Quests
Create
Leaderboards
Showdown
Live 5
Trivia Bingo
Activity
Puzzle Library
Sporcle Events
Private Events
Virtual Trivia
Globe League
Become a Host
Pub Owners
SporcleCon
Opinionation
Our Games
Videos
Blog
Mobile Apps
Partnerships
Remove Ads and Go Orange
Feedback
Miscellaneous
Crossword
General Knowledge
Baby Names
Logo
Food
Cars
Numbers
Grab Bag
University
College
Popular
Company
Slogans
Restaurants
Justice
Letter
Miscellaneous
Crossword
General Knowledge
Baby Names
Logo
Food
Cars
Numbers
Grab Bag
University
College
Popular
Company
Slogans
Restaurants
Justice
Letter
Random Quiz
Search Sporcle
×
Quiz Lab
Quiz Lab
Miscellaneous
Popular
Type in answers that appear in a list
Type in answers that appear in a list
Classic
Best Score? Go Orange.
3 Letter Baby Names (UK) Stats
Can you name the Top 20 3 Letter Baby Names for Boys and Girls from 2014 (England and Wales)?
By
PerryandCharlie1
8m
40 Questions
8,707 Plays
8,707 Plays
8,707 Plays
Comments
Comments
Give Quiz Kudos
Give Quiz Kudos
-
- Ratings
hide this ad
More Info
Replay
Link that replays current quiz
Next Quiz
Link to next quiz in quiz playlist
You Got
0%
They Got
Avg Score
46%
Avg Friend Score
Upgrade to see
Score Distribution
Jump to the score distribution portion of the page
Score
0/40
Timer
08:00
0
Plays Today
% Correct
Mia
82.9%
Ava
78.2%
Sam
76.8%
Eva
75.9%
Tom
75.4%
Ben
75.2%
Eve
74.7%
Joe
66.3%
Lia
65.6%
May
65.2%
Amy
62.9%
Tia
62.1%
Eli
60.3%
Zoe
60.1%
Ali
59.2%
Leo
58.4%
Max
57%
Ana
56.7%
Jay
56.5%
Kai
56.4%
% Correct
Ada
53.1%
Ivy
51.8%
Nia
48.3%
Zac
47.2%
Mae
47.1%
Mya
45.6%
Ria
44.6%
Ida
43.5%
Zak
43.1%
Jan
37.6%
Jac
37.4%
Jax
36.9%
Ela
36.3%
Ted
30.1%
Rex
29.7%
Sky
23%
Isa
21.3%
Rio
20.1%
Kye
16.1%
Aya
13.8%
Quiz Playlist
Details
Report
Send in Message
Add To Playlist
More Info:
The number beside each answer refers to the rank of the name in 2014. Edited 2016 to use 2014 data and to include more names.
Classic:
Type in answers that appear in a list
Quiz Source
Last Updated: May 2, 2017
Quiz Scoreboard
CHALLENGE
Sign Up to Join the Scoreboard
Show All
Scores
Hide
Comments
May contain spoilers
Recently Published
Pick 6: Fruits
by JohnFran
Miscellaneous
15s
Click the 1999 NBA Draft
by nibperrychub
Sports
2m
Alphabetical 'K' Countries by Flag Minefield
by ylime102
Geography
3m
More to Explore
Quiz From the Vault
Featured Blog Post
15 Basketball Trivia Facts You Can Be March Mad About
hide this ad
You Might Also Like...
Tags
Baby Names Quiz
Popular Quiz
UK
Today's Top Quizzes in Miscellaneous
Browse Miscellaneous
hide this ad
Today's Top Quizzes in Popular
Browse Popular
Top Contributed Quizzes in Miscellaneous
1
Spring Months consonants
2
Pick 6: Vegetables
3
Pick 6: Supreme Pizza
4
Pick 6: University Mascots
5
Four Seasons
6
Guess the 'S' Things in 3 Words
7
The JOE quick-fire general knowledge quiz: Day 166
8
The JOE quick-fire general knowledge quiz: Day 165
9
Guess the 'T' Things in 3 Words
10
Sporcle Acrostic Puzzle XXXV
Explore More
Trending Topics
Harry Potter
NBA
Disney
Marvel
Anime
Kpop
Crossword
Country
The Office
WWE
Soccer
Song
NFL
Pokémon
Puzzle
hide this ad
More By:
PerryandCharlie1
Quiz
Plays
Rating
Category
Featured
Created
Girls Nickname Match
99,341
3.92
Miscellaneous
May 26, 2013
'Help!' Lyrics
88,971
4.73
Music
Mar 31, 2013
Boys Nickname Match
87,383
3.43
Miscellaneous
May 26, 2013
Popular Royal Baby Names
67,015
4.52
History
Mar 10, 2013
Battle Of The Baby Names: Boys
48,547
4.28
Miscellaneous
Mar 15, 2013
Go to Creator's Profile
Score Distribution
Quiz Creator Spotlight
PerryandCharlie1
Follow
Send a Message
Quizzes Created
-
Created Quiz Play Count
-
More By This Creator
Popular Quizzes Today
1
Countries of Asia Without Outlines Minefield
2
Find the US States - No Outlines Minefield
3
Pick 6: Fruits
4
Alphabetical 'K' Countries by Flag Minefield
5
The Countries of the World
6
Find the US States
7
Match the Book to the Film X
8
US States
More Miscellaneous Quizzes
London Underground - Stations on the Central Line
Published
Trending Quizzes
Pick 6: Harry Potter
Pick 6: Mountains
Pick 6: NFL Teams
Pick 6: Movie Franchises
Pick 6: Golfers
Recently Updated
NWSL Teams
pecheneg
Women's Final Four Teams by Year
bhenderson79
Presidents Quartet II
eogle
Anything But Clue(do)
eogle
Anything But Oceanian Capitals
eogle
Anything But 7
eogle
Anything But Thing
eogle
Word Ladder: February 29
pecheneg
Song Title Questions
pecheneg
Women's NCAA Tournament #1 Seeds
pecheneg
Trending Topics
Disney
NBA
Kpop
Harry Potter
Marvel
Crossword
Anime
NFL
Puzzle
WWE
Pokémon
Country
The Office
Soccer
Song
Your Account Isn't Verified!
In order to create a playlist on Sporcle, you need to verify the email address you used during registration. Go to your
Sporcle Settings
to finish the process.
Report this User
Report this user for behavior that violates our
Community Guidelines
.
Details:
Send Report
Go to the Sporcle.com Mobile Site →
Comments